000 00368 a2200145 4500
001 58733
020 _a8534201951
040 _cAnchieta - Pituba
100 _aSilveira, Edeval
240 1 0 _aHistória das transformações populacionais
_lpor
245 1 0 _aHistória das transformações populacionais
300 _a287
650 4 _aHistória do mundo
942 _cBK
999 _c58733
_d58733